000 00751nas a2200253 4500
001 BR2010000483
003 BR-BrBNA
005 20231205113845.0
007 ta
008 230509b bl.|||p| |||| 00| 00por d
040 _aBR-BrBNA
_bpor
_cBiblioteca Nacional de Agricultura
041 _a(Pt)
072 _aF61
100 1 _aSeno, S.
100 1 _aSeleguini, A.
100 1 _aKoga, P.S.
245 1 _aTempo de vernalização pré-plantio e época da aplicação do nitrogênio na cultura do alho
650 _aALHO
650 _aPLANTIO
650 _aVERNALIZAÇÃO
773 0 _tCultura Agronômica (Brazil)
_xISSN 0104-1010
_g(2009), v. 18(4) p. 75-82
_wBR2010000483
909 _a202311
_bLúcia
_c55
_dLúcia Elande
942 _2AGRIS
_n0
_cANA
999 _c205975
_d205975